| 000 | 00767nam a2200205 a 4500 | ||
|---|---|---|---|
| 001 | 000041698 | ||
| 005 | 20201002035715.0 | ||
| 008 | 131016s1994 sp 001 0 spa d | ||
| 020 | _a8400074017 | ||
| 040 |
_aDO-SdBNP _bspa _cBNPHU |
||
| 245 | 0 | 3 |
_aGeolingüistica : _btrabajos europeos / _ceditor Pilar García Mouton. |
| 260 |
_aMadrid : _bCSIC, _c1994. |
||
| 300 |
_aVIII, 273 p ; : _bil., retrs. ; _c25 cm. |
||
| 490 | 1 |
_aBiblioteca de filología hispánica _b12 |
|
| 500 | _aIncluye índice | ||
| 504 | _aIncluye referencias bibliográficas y notas al pie de las páginas | ||
| 700 | 1 |
_aGarcía Mouton, Pilar _eed _966071 |
|
| 710 | 2 |
_aConsejo Superior de Investigaciones Científicas (España) _915178 |
|
| 830 | 0 |
_aBiblioteca de filología hispánica _v12 _967489 |
|
| 999 |
_c41187 _d41187 |
||